Efficiency change over time in a multisectoral economic system
Salvato in:
| Autore principale: | |
|---|---|
| Altri autori: | |
| Natura: | Capitolo di libro |
| Lingua: | inglese |
| Soggetti: | |
| Tags: |
Nessun Tag, puoi essere il primo ad aggiungerne!!
|
MARC
| LEADER | 00000naa a2200000 4500 | ||
|---|---|---|---|
| 001 | 0164363 | ||
| 005 | 20240502072852.1 | ||
| 041 | 0 | |a eng | |
| 044 | |a SK | ||
| 245 | 1 | 0 | |a Efficiency change over time in a multisectoral economic system |c Mikuláš Luptáčik, Bernhard Mahlberg |
| 610 | 2 | 0 | |a rast hospodársky |
| 610 | 2 | 0 | |a neoklasicizmus |
| 610 | 2 | 0 | |a systémy ekonomické |
| 610 | 2 | 0 | |a modely input-output |
| 610 | 2 | 0 | |a výkonnosť |
| 610 | 2 | 0 | |a efektívnosť |
| 610 | 2 | 0 | |a produktivita |
| 100 | 1 | |a Luptáčik, Mikuláš | |
| 700 | 1 | |a Mahlberg, Bernhard | |